Every MCU Movie & Disney+ TV Show Quiz - Statistics

General Stats
  • This quiz has been taken 667 times
    429 since last reset
  • The average score is 39 of 58
Answer Stats
Release Date Phase Answer % Correct
May 2, 2008 Phase 1 Iron Man
98%
May 4, 2012 Phase 1 Marvel's The Avengers
94%
May 7, 2010 Phase 1 Iron Man 2
93%
June 13, 2008 Phase 1 The Incredible Hulk
93%
May 6, 2011 Phase 1 Thor
93%
May 3, 2013 Phase 2 Iron Man 3
91%
April 26, 2019 Phase 3 Avengers Endgame
89%
May 1, 2015 Phase 2 Avengers Age of Ultron
88%
November 8, 2013 Phase 2 Thor The Dark World
88%
April 4, 2014 Phase 2 Captain America The Winter Soldier
86%
July 7, 2017 Phase 3 Spider Man Homecoming
86%
April 27, 2018 Phase 3 Avengers Infinity War
85%
July 22, 2011 Phase 1 Captain America The First Avenger
85%
July 17, 2015 Phase 2 Ant-Man
83%
August 1, 2014 Phase 2 Guardians of the Galaxy
83%
November 3, 2017 Phase 3 Thor Ragnarok
83%
July 6, 2018 Phase 3 Ant-Man and the Wasp
82%
February 16, 2018 Phase 3 Black Panther
82%
May 6, 2016 Phase 3 Captain America Civil War
82%
March 8, 2019 Phase 3 Captain Marvel
82%
July 5, 2019 Phase 3 Spider-Man Far From Home
82%
May 5, 2017 Phase 3 Guardians of the Galaxy Vol. 2
81%
January 15, 2021 Phase 4 WandaVision
81%
December 17, 2021 Phase 4 Spider-Man: No Way Home
78%
May 5, 2023 Phase 5 Guardians of the Galaxy Vol. 3
77%
November 4, 2016 Phase 3 Doctor Strange
75%
June 9, 2021 Phase 4 Loki
75%
July 9, 2021 Phase 4 Black Widow
74%
May 6, 2022 Phase 4 Doctor Strange in the Multiverse of Madness
72%
July 8, 2022 Phase 4 Thor: Love and Thunder
72%
November 11, 2022 Phase 4 Black Panther: Wakanda Forever
71%
March 19, 2021 Phase 4 The Falcon and the Winter Soldier
69%
November 10, 2023 Phase 5 The Marvels
69%
November 5, 2021 Phase 4 Eternals
66%
November 24, 2021 Phase 4 Hawkeye
66%
May 2, 2025 Phase 5 Thunderbolts* The New Avengers
66%
February 17, 2023 Phase 5 Ant-Man and the Wasp: Quantumania
65%
September 3, 2021 Phase 4 Shang-Chi and the Legend of the Ten Rings
64%
February 14, 2025 Phase 5 Captain America: Brave New World
60%
August 17, 2022 Phase 4 She-Hulk: Attorney at Law
59%
March 30, 2022 Phase 4 Moon Knight
55%
December 18, 2026 Phase 6 Avengers: Doomsday
54%
August 11, 2021 Phase 4 What If...?
54%
June 8, 2022 Phase 4 Ms. Marvel
53%
December 17, 2027 Phase 6 Avengers: Secret Wars
52%
July 25, 2025 Phase 6 The Fantastic Four: First Steps
48%
June 24, 2025 Phase 5 Ironheart
43%
June 21, 2023 Phase 5 Secret Invasion
40%
September 18, 2024 Phase 5 Agatha All Along
39%
March 4, 2025 Phase 5 Daredevil: Born Again
39%
January 9, 2024 Phase 5 Echo
39%
July 31, 2026 Phase 6 Spider-Man: Brand New Day
37%
October 7, 2022 Phase 4 Werewolf by Night
32%
December 2025 Phase 6 Wonder Man
25%
November 25, 2022 Phase 4 The Guardians of the Galaxy Holiday Special
23%
August 6, 2025 Phase 6 Eyes of Wakanda
19%
October 3, 2025 Phase 6 Marvel Zombies
19%
July 26, 2024 Phase 5 Deadpool & Wolverine
18%
No matching quizzes found
Score Distribution
Percent of People with Each Score
Percentile by Number Answered
Your Score History
You have not taken this quiz since the last reset